[Event "Titled Tuesday intern op 04th Feb Late"]
[Site "Chess.com INT"]
[Date "2025.02.04"]
[Round "1"]
[White "Koc, Przemyslaw"]
[Black "Meyer, Lars A"]
[Result "1-0"]
[WhiteElo "2346"]
[BlackElo "2231"]
[PlyCount "79"]
[EventDate "2025.02.04"]
[EventType "swiss (blitz)"]
[EventRounds "11"]
[EventCountry "USA"]
[SourceTitle "CB07_2025"]
[SourceDate "2025.02.12"]
[SourceVersion "1"]
[SourceVersionDate "2025.02.12"]
[SourceQuality "1"]

1. d4 Nf6 2. Bg5 e6 3. Nd2 d5 4. e3 Be7 5. Bd3 b6 6. Ngf3 Bb7 7. c3 Nbd7 8. 0-0 h6 9. Bh4 Ne4 10. Bxe7 Qxe7 11. Ne5 Nxe5 12. dxe5 Nc5 13. Be2 0-0 14. f4 Ba6 15. Bxa6 Nxa6 16. e4 dxe4 17. Nxe4 Nc5 18. Qe2 Nxe4 19. Qxe4 Rad8 20. Rad1 Rxd1 21. Rxd1 Rd8 22. Rxd8+ Qxd8 23. Qd4 Qxd4+ 24. cxd4 Kf8 25. Kf2 Ke7 26. Ke3 Kd7 27. Ke4 g6 28. g4 g5 29. f5 c6 30. b4 Ke7 31. a4 a6 32. h3 Kd7 33. Kd3 Kc7 34. Kc4 b5+ 35. axb5 cxb5+ 36. Kc5 Kb7 37. fxe6 fxe6 38. d5 exd5 39. Kxd5 Kc7 40. e6 1-0

[Event "Titled Tuesday intern op 27th Aug Early"]
[Site "Chess.com INT"]
[Date "2024.08.27"]
[Round "1"]
[White "Koc, Przemyslaw"]
[Black "Bjerre, Jonas Buhl"]
[Result "0-1"]
[WhiteElo "2346"]
[BlackElo "2648"]
[PlyCount "108"]
[EventDate "2024.08.27"]
[EventType "swiss (blitz)"]
[EventRounds "11"]
[EventCountry "USA"]
[SourceTitle "EXT 2025"]
[Source "ChessBase"]
[SourceDate "2024.10.14"]
[SourceVersion "1"]
[SourceVersionDate "2024.10.14"]
[SourceQuality "1"]

1. d4 Nf6 2. Bg5 Ne4 3. Bf4 d5 4. e3 g6 5. Nd2 Nxd2 6. Qxd2 Bg7 7. Nf3 0-0 8. c4 c6 9. Be2 Bf5 10. 0-0 Nd7 11. cxd5 cxd5 12. Qb4 Nb6 13. h3 a5 14. Qb5 Bd7 15. Qb3 Ba4 16. Qa3 f6 17. Rac1 Bc6 18. b3 Re8 19. Rfd1 Qd7 20. Qc5 Nc8 21. a4 Bf8 22. Qc2 e6 23. Bd3 Nd6 24. Qb2 Rec8 25. Rc2 Ne4 26. Rdc1 Bb4 27. Bxe4 dxe4 28. Nd2 Bd5 29. Nc4 Rc6 30. Na3 Rac8 31. Nb5 Rxc2 32. Rxc2 Rxc2 33. Qxc2 Qc6 34. Qd1 Kg7 35. Nc7 g5 36. Nxd5 exd5 37. Bg3 Kg6 38. h4 h5 39. hxg5 fxg5 40. Be5 Qc3 41. g3 Qe1+ 42. Qxe1 Bxe1 43. Kg2 Kf5 44. Bc7 Kg4 45. Bd8 h4 46. gxh4 gxh4 47. Bc7 Bb4 48. Be5 h3+ 49. Kh2 Be1 50. Bg3 Kf3 51. Kxh3 Bxf2 52. Bc7 Bxe3 53. Bxa5 Bxd4 54. b4 Bc3 0-1

[Event "Titled Tuesday intern op 25th Jun Early"]
[Site "Chess.com INT"]
[Date "2024.06.25"]
[Round "8"]
[White "Galchenko, Matvey"]
[Black "Koc, Przemyslaw"]
[Result "1-0"]
[WhiteElo "2438"]
[BlackElo "2346"]
[PlyCount "31"]
[EventDate "2024.06.25"]
[EventType "swiss (blitz)"]
[EventRounds "11"]
[EventCountry "USA"]
[SourceTitle "EXT 2025"]
[Source "ChessBase"]
[SourceDate "2024.10.14"]
[SourceVersion "1"]
[SourceVersionDate "2024.10.14"]
[SourceQuality "1"]

1. f4 e5 2. fxe5 d6 3. Nf3 dxe5 4. e4 Bc5 5. Bc4 Nc6 6. Qe2 Nf6 7. Bxf7+ Kxf7 8. Qc4+ Be6 9. Ng5+ Kg6 10. Qxe6 Nd4 11. Qf7+ Kxg5 12. h4+ Kf4 13. d3+ Kg3 14. Qxg7+ Ng4 15. Rh3+ Kxg2 16. Qxg4# 1-0

[Event "Titled Tuesday intern op 04th Jun Late"]
[Site "Chess.com INT"]
[Date "2024.06.04"]
[Round "4"]
[White "Koc, Przemyslaw"]
[Black "Wagner, Dennis"]
[Result "0-1"]
[WhiteElo "2346"]
[BlackElo "2613"]
[PlyCount "58"]
[EventDate "2024.06.04"]
[EventType "swiss (blitz)"]
[EventRounds "11"]
[EventCountry "USA"]
[SourceTitle "EXT 2025"]
[Source "ChessBase"]
[SourceDate "2024.10.14"]
[SourceVersion "1"]
[SourceVersionDate "2024.10.14"]
[SourceQuality "1"]

1. d4 Nf6 2. Bg5 d5 3. Nd2 Nbd7 4. Ngf3 h6 5. Bxf6 Nxf6 6. e3 e6 7. Bd3 Be7 8. 0-0 0-0 9. c4 b6 10. Rc1 c5 11. dxc5 bxc5 12. cxd5 exd5 13. a3 Bb7 14. Qa4 Qb6 15. b4 c4 16. Bb1 a5 17. b5 Rfc8 18. Nd4 c3 19. N2f3 Rc4 20. Qc2 Bxa3 21. Ne5 Rxd4 22. exd4 Bxc1 23. Rxc1 Qxd4 24. Nc6 Bxc6 25. bxc6 Ne4 26. c7 Rc8 27. Rd1 Qc5 28. Qxe4 dxe4 29. Rd8+ Qf8 0-1

[Event "Titled Tuesday intern op 21st May Late"]
[Site "Chess.com INT"]
[Date "2024.05.21"]
[Round "2"]
[White "Koc, Przemyslaw"]
[Black "Ragger, Markus"]
[Result "0-1"]
[WhiteElo "2346"]
[BlackElo "2601"]
[PlyCount "86"]
[EventDate "2024.05.21"]
[EventType "swiss (blitz)"]
[EventRounds "11"]
[EventCountry "USA"]
[SourceTitle "CBM 220 Extra"]
[Source "ChessBase"]
[SourceDate "2024.07.31"]
[SourceVersion "1"]
[SourceVersionDate "2024.07.31"]
[SourceQuality "1"]

1. d4 Nf6 2. Bg5 d5 3. e3 c5 4. Nd2 cxd4 5. exd4 Nc6 6. c3 h6 7. Bh4 Bf5 8. Qb3 g5 9. Qxb7 Na5 10. Bb5+ Bd7 11. Bxd7+ Nxd7 12. Qxd5 e6 13. Qf3 gxh4 14. b4 Rc8 15. bxa5 Qxa5 16. Ne2 Qd5 17. 0-0 Qxf3 18. Nxf3 Be7 19. h3 Nb6 20. Rab1 Bf6 21. Rb3 Kd7 22. Nd2 Rc7 23. Rc1 Rhc8 24. f4 Be7 25. Kf2 f5 26. Ke3 Nd5+ 27. Kd3 Bd6 28. Rf1 a5 29. a3 a4 30. Rb5 Nxc3 31. Ra5 Bxa3 32. Ra1 Bb2 33. R1xa4 Nxa4 34. Rxa4 Bc3 35. Nf3 Ke7 36. Nxh4 Be1 37. Nf3 Bf2 38. Ne5 Rb8 39. Ra3 Rcb7 40. g4 Rb3+ 41. Rxb3 Rxb3+ 42. Nc3 Be1 43. Nc6+ Kd6 0-1

[Event "Titled Tuesday intern op 07th May Early"]
[Site "Chess.com INT"]
[Date "2024.05.07"]
[Round "8"]
[White "Koc, Przemyslaw"]
[Black "Cruz, William Ferreira Da"]
[Result "1-0"]
[WhiteElo "2346"]
[BlackElo "2216"]
[PlyCount "39"]
[EventDate "2024.05.07"]
[EventType "swiss (blitz)"]
[EventRounds "11"]
[EventCountry "USA"]
[SourceTitle "EXT 2025"]
[Source "ChessBase"]
[SourceDate "2024.10.14"]
[SourceVersion "1"]
[SourceVersionDate "2024.10.14"]
[SourceQuality "1"]

1. Nf3 Nf6 2. g3 g6 3. Bg2 Bg7 4. 0-0 0-0 5. d4 d6 6. b3 Nbd7 7. Bb2 e5 8. dxe5 Ng4 9. Qc1 Ngxe5 10. Nxe5 Bxe5 11. c4 Qf6 12. Bxe5 Nxe5 13. Nc3 c6 14. Qd2 Bf5 15. Rad1 Rad8 16. h3 h5 17. f4 Nd7 18. e4 Be6 19. f5 Qxf5 20. exf5 1-0

[Event "Titled Tuesday intern op 07th May Early"]
[Site "Chess.com INT"]
[Date "2024.05.07"]
[Round "3"]
[White "Koc, Przemyslaw"]
[Black "Yanchenko, Roman"]
[Result "1-0"]
[WhiteElo "2346"]
[BlackElo "2466"]
[PlyCount "169"]
[EventDate "2024.05.07"]
[EventType "swiss (blitz)"]
[EventRounds "11"]
[EventCountry "USA"]
[SourceTitle "EXT 2025"]
[Source "ChessBase"]
[SourceDate "2024.10.14"]
[SourceVersion "1"]
[SourceVersionDate "2024.10.14"]
[SourceQuality "1"]

1. d4 d5 2. Nf3 Nf6 3. c3 c6 4. Bf4 Bf5 5. e3 Qb6 6. Qb3 Nbd7 7. Nbd2 e6 8. Nh4 Be4 9. f3 Bg6 10. Nxg6 hxg6 11. Bd3 Nh5 12. Qxb6 axb6 13. Kf2 Nxf4 14. exf4 b5 15. a3 Bd6 16. g3 Kd8 17. h4 Kc7 18. Nf1 Nb6 19. Ne3 Nc4 20. Bxc4 bxc4 21. Rae1 c5 22. dxc5 Bxc5 23. Kg2 b5 24. Ng4 Kd6 25. Ne5 Ra7 26. g4 Rb7 27. Rd1 Ke7 28. Kg3 Bd6 29. Rhe1 Rc8 30. g5 Kf8 31. Rd2 Rbc7 32. Rh1 Ke7 33. h5 Rh8 34. Rdh2 gxh5 35. Rxh5 Rxh5 36. Rxh5 g6 37. Rh8 Rb7 38. Rc8 Bxe5 39. fxe5 Kd7 40. Rf8 Kc6 41. Kf2 Kb6 42. Ke3 Ka5 43. Ra8+ Kb6 44. Kd4 Rd7 45. Rb8+ Kc6 46. Rc8+ Kb7 47. Rf8 Rc7 48. f4 Kb6 49. Rb8+ Kc6 50. Rf8 Rb7 51. Rc8+ Kb6 52. Rf8 Ra7 53. Rb8+ Kc6 54. Rc8+ Kb7 55. Rf8 Ka6 56. Kc5 Rc7+ 57. Kd6 Rb7 58. Rc8 Kb6 59. Rc6+ Ka5 60. Rc5 Ka4 61. Kc6 Rb8 62. Kc7 Ra8 63. Kb6 Rb8+ 64. Ka7 Rh8 65. Kb6 Rf8 66. Ka6 Rb8 67. Ka7 Rd8 68. Ka6 Re8 69. Kb6 Ra8 70. Kb7 Rg8 71. Ka6 Rh8 72. Kb6 Rd8 73. Ka6 d4 74. cxd4 Rxd4 75. Rxb5 c3 76. bxc3 Rd8 77. c4 Kxa3 78. Kb7 Rd4 79. c5 Ka4 80. Rb6 Re4 81. c6 Rxf4 82. c7 Rf5 83. c8Q Rxe5 84. Qc4+ Ka5 85. Ra6# 1-0

[Event "Titled Tuesday intern op 07th May Early"]
[Site "Chess.com INT"]
[Date "2024.05.07"]
[Round "1"]
[White "Yoo, Christopher Woojin"]
[Black "Koc, Przemyslaw"]
[Result "1-0"]
[WhiteElo "2600"]
[BlackElo "2346"]
[PlyCount "45"]
[EventDate "2024.05.07"]
[EventType "swiss (blitz)"]
[EventRounds "11"]
[EventCountry "USA"]
[SourceTitle "EXT 2025"]
[Source "ChessBase"]
[SourceDate "2024.10.14"]
[SourceVersion "1"]
[SourceVersionDate "2024.10.14"]
[SourceQuality "1"]

1. e4 e5 2. Nf3 Nf6 3. Nxe5 Nxe4 4. Qe2 Qe7 5. Qxe4 d6 6. d4 dxe5 7. dxe5 Nc6 8. Bf4 g5 9. Bd2 Bg7 10. Nc3 0-0 11. 0-0-0 h6 12. Bd3 Rd8 13. f4 gxf4 14. Bxf4 Be6 15. Qh7+ Kf8 16. Bxh6 Bxh6+ 17. Qxh6+ Ke8 18. Ne4 Qf8 19. Nf6+ Ke7 20. Qg5 Qh8 21. Bb5 Nxe5 22. Ng8+ Kf8 23. Rxd8+ 1-0

[Event "Titled Tuesday intern op 30th Apr Late"]
[Site "Chess.com INT"]
[Date "2024.04.30"]
[Round "5"]
[White "Koc, Przemyslaw"]
[Black "Doroodgar, Amir Hosein"]
[Result "0-1"]
[WhiteElo "2346"]
[BlackElo "2302"]
[PlyCount "54"]
[EventDate "2024.04.30"]
[EventType "swiss (blitz)"]
[EventRounds "11"]
[EventCountry "USA"]
[SourceTitle "EXT 2025"]
[Source "ChessBase"]
[SourceDate "2024.10.14"]
[SourceVersion "1"]
[SourceVersionDate "2024.10.14"]
[SourceQuality "1"]

1. Nf3 c5 2. g3 b6 3. Bg2 Bb7 4. 0-0 Nf6 5. b3 e6 6. Bb2 Be7 7. c4 d6 8. d4 cxd4 9. Qxd4 Qc7 10. Nc3 a6 11. e4 Nbd7 12. h3 0-0 13. g4 Rac8 14. g5 Nh5 15. Ne2 Nc5 16. Ng3 e5 17. Qe3 Nxg3 18. fxg3 Nxe4 19. Rad1 Nxg3 20. Nh4 Nxf1 21. Kxf1 Bxg2+ 22. Kxg2 g6 23. Nf3 Rfe8 24. h4 b5 25. Nd2 bxc4 26. bxc4 Qb7+ 27. Kg1 Qxb2 0-1

[Event "Titled Tuesday intern op 09th Apr Late"]
[Site "Chess.com INT"]
[Date "2024.04.09"]
[Round "1"]
[White "Koc, Przemyslaw"]
[Black "Carlsen, Magnus"]
[Result "0-1"]
[WhiteElo "2346"]
[BlackElo "2830"]
[PlyCount "62"]
[EventDate "2024.04.09"]
[EventType "swiss (blitz)"]
[EventRounds "11"]
[EventCountry "USA"]
[SourceTitle "EXT 2025"]
[Source "ChessBase"]
[SourceDate "2024.10.14"]
[SourceVersion "1"]
[SourceVersionDate "2024.10.14"]
[SourceQuality "1"]

1. d4 d6 2. Nf3 Bg4 3. e4 Nd7 4. Bc4 e6 5. 0-0 Ngf6 6. Re1 Be7 7. c3 0-0 8. Bd3 c5 9. Be3 cxd4 10. cxd4 d5 11. e5 Ne4 12. Nbd2 Nxd2 13. Qxd2 Qb6 14. h3 Bxf3 15. gxf3 Bb4 16. Qe2 Bxe1 17. Rxe1 f5 18. exf6 Nxf6 19. Kh1 Rae8 20. Rg1 Qc7 21. f4 Ne4 22. f3 Nd6 23. Rc1 Qf7 24. Qg2 Nf5 25. Bf2 Rc8 26. Re1 Rc6 27. Qg5 Qf6 28. Qg4 Rb6 29. b3 Rc6 30. Rg1 Rc3 31. Bb1 Rfc8 0-1

[Event "Titled Tuesday intern op 30th Jan Late"]
[Site "Chess.com INT"]
[Date "2024.01.30"]
[Round "1"]
[White "Rasulov, Vugar Ural Oglu"]
[Black "Koc, Przemyslaw"]
[Result "1-0"]
[WhiteElo "2538"]
[BlackElo "2346"]
[PlyCount "41"]
[EventDate "2024.01.30"]
[EventType "swiss (blitz)"]
[EventRounds "11"]
[EventCountry "USA"]
[SourceTitle "EXT 2025"]
[Source "ChessBase"]
[SourceDate "2024.10.14"]
[SourceVersion "1"]
[SourceVersionDate "2024.10.14"]
[SourceQuality "1"]

1. e4 c5 2. Nf3 Nf6 3. Nc3 d5 4. exd5 Nxd5 5. Bb5+ Nc6 6. 0-0 Nxc3 7. bxc3 Bd7 8. d4 e6 9. Bg5 Qa5 10. Rb1 h6 11. Bh4 a6 12. Bxc6 Bxc6 13. Ne5 Bd6 14. Nxc6 bxc6 15. Qg4 g5 16. Bg3 Be7 17. Be5 0-0 18. Rb7 Rfe8 19. Qh5 cxd4 20. cxd4 f6 21. Qg6+ 1-0

[Event "Titled Tuesday intern op 09th Jan Late"]
[Site "Chess.com INT"]
[Date "2024.01.09"]
[Round "2"]
[White "Kekic, Armin"]
[Black "Koc, Przemyslaw"]
[Result "1-0"]
[WhiteElo "2138"]
[BlackElo "2346"]
[PlyCount "73"]
[EventDate "2024.01.09"]
[EventType "swiss (blitz)"]
[EventRounds "11"]
[EventCountry "USA"]
[SourceTitle "EXT 2025"]
[Source "ChessBase"]
[SourceDate "2024.10.14"]
[SourceVersion "1"]
[SourceVersionDate "2024.10.14"]
[SourceQuality "1"]

1. e4 c5 2. Nf3 Nf6 3. Nc3 Nc6 4. Bb5 Nd4 5. Bc4 e6 6. d3 a6 7. Nxd4 cxd4 8. Ne2 Bc5 9. Bg5 h6 10. Bh4 Qa5+ 11. Qd2 Qxd2+ 12. Kxd2 d6 13. h3 b5 14. Bb3 Nd7 15. c3 dxc3+ 16. bxc3 Bb7 17. f3 d5 18. Rhf1 0-0 19. a4 b4 20. cxb4 Bxb4+ 21. Ke3 g5 22. Be1 Bc5+ 23. d4 Ba7 24. Ba5 Rfe8 25. exd5 Bxd5 26. Bxd5 exd5+ 27. Kd3 Nb6 28. Bxb6 Bxb6 29. Rfc1 Re6 30. Ng3 Rae8 31. Nf5 Kh7 32. a5 Bd8 33. Rc8 Kg6 34. g4 Bf6 35. Rxe8 Rxe8 36. Rb1 Rb8 37. Rxb8 1-0

[Event "Titled Tuesday intern op 09th Jan Late"]
[Site "Chess.com INT"]
[Date "2024.01.09"]
[Round "1"]
[White "Koc, Przemyslaw"]
[Black "Sarana, Alexey"]
[Result "0-1"]
[WhiteElo "2346"]
[BlackElo "2695"]
[PlyCount "76"]
[EventDate "2024.01.09"]
[EventType "swiss (blitz)"]
[EventRounds "11"]
[EventCountry "USA"]
[SourceTitle "EXT 2025"]
[Source "ChessBase"]
[SourceDate "2024.10.14"]
[SourceVersion "1"]
[SourceVersionDate "2024.10.14"]
[SourceQuality "1"]

1. d4 Nf6 2. Bg5 d5 3. Nd2 c5 4. e3 Nc6 5. c3 e5 6. dxe5 Nxe5 7. Ngf3 Nc6 8. Bd3 Be7 9. 0-0 0-0 10. Qc2 h6 11. Bh4 Be6 12. Rfe1 Rc8 13. Rad1 Qa5 14. a3 c4 15. Bf1 b5 16. e4 dxe4 17. Nxe4 Nxe4 18. Qxe4 Bxh4 19. Qxh4 Rfe8 20. Nd4 Nxd4 21. Rxd4 Qc7 22. Red1 a6 23. g3 Bf5 24. Rd6 Re6 25. R6d5 Re4 26. Qh5 Bg4 27. Qh4 Bf3 28. Rd8+ Kh7 29. Rxc8 Qxc8 30. Qd8 Qxd8 31. Rxd8 Re1 32. Rd2 Rb1 33. h3 Be4 34. f4 Bd3 35. Rf2 f5 36. Kg2 Bxf1+ 37. Rxf1 Rxb2+ 38. Rf2 Rb3 0-1

[Event "Titled Tuesday intern op 02nd Jan Late"]
[Site "Chess.com INT"]
[Date "2024.01.02"]
[Round "3"]
[White "Koc, Przemyslaw"]
[Black "Lewtak, Damian"]
[Result "0-1"]
[WhiteElo "2346"]
[BlackElo "2337"]
[PlyCount "74"]
[EventDate "2024.01.02"]
[EventType "swiss (blitz)"]
[EventRounds "11"]
[EventCountry "USA"]
[SourceTitle "EXT 2025"]
[Source "ChessBase"]
[SourceDate "2024.10.14"]
[SourceVersion "1"]
[SourceVersionDate "2024.10.14"]
[SourceQuality "1"]

1. d4 Nf6 2. Bg5 g6 3. Bxf6 exf6 4. c4 Bg7 5. Nc3 0-0 6. g3 d6 7. Bg2 Nc6 8. e3 h5 9. h4 Re8 10. Nge2 Bg4 11. 0-0 Rb8 12. Qd2 Ne7 13. b4 g5 14. Nd5 Ng6 15. hxg5 fxg5 16. b5 h4 17. gxh4 Nxh4 18. Ng3 Nf3+ 19. Bxf3 Bxf3 20. e4 c6 21. Ne3 Bxe4 22. Nef5 Qf6 23. Nxg7 Qxg7 24. Rfe1 Bf3 25. Qd3 g4 26. Qf5 Qg6 27. Qf4 Kh7 28. Rad1 Rh8 29. Re7 Kg8 30. Rde1 Rf8 31. bxc6 bxc6 32. c5 dxc5 33. dxc5 Qh6 34. Qxh6 Rxh6 35. Rxa7 Kg7 36. Rae7 Rfh8 37. Re8 Rh1+ 0-1

[Event "Titled Tuesday intern op 26th Dec Late"]
[Site "Chess.com INT"]
[Date "2023.12.26"]
[Round "3"]
[White "Glavina, Pablo"]
[Black "Koc, Przemyslaw"]
[Result "1-0"]
[WhiteElo "2406"]
[BlackElo "2346"]
[PlyCount "93"]
[EventDate "2023.12.26"]
[EventType "swiss (blitz)"]
[EventRounds "11"]
[EventCountry "USA"]
[SourceTitle "EXT 2025"]
[Source "ChessBase"]
[SourceDate "2024.10.14"]
[SourceVersion "1"]
[SourceVersionDate "2024.10.14"]
[SourceQuality "1"]

1. c4 f5 2. g3 Nf6 3. Bg2 d6 4. d4 g6 5. Nc3 Bg7 6. Nf3 0-0 7. d5 Na6 8. 0-0 Bd7 9. Nd4 Qe8 10. b3 c5 11. dxc6 bxc6 12. Bb2 e5 13. Nf3 Qe7 14. Ba3 Ne8 15. Rc1 g5 16. c5 Nxc5 17. Bxc5 dxc5 18. Na4 e4 19. Nxg5 Bh6 20. h4 Bxg5 21. hxg5 f4 22. Nxc5 Bf5 23. gxf4 Rd8 24. Qc2 e3 25. Qc4+ Rf7 26. Qc3 Rd2 27. Qxe3 Rxe2 28. Qxe7 Rfxe7 29. Bxc6 Rxa2 30. Rfe1 Rxe1+ 31. Rxe1 Nd6 32. Bd5+ Kf8 33. Re5 Ra1+ 34. Kg2 Rd1 35. Be6 Bxe6 36. Nxe6+ Kf7 37. Nc5 a5 38. Ne4 Ne8 39. Rxa5 Rd3 40. f5 Rxb3 41. Ra7+ Kg8 42. f6 Kf8 43. Rxh7 Rb4 44. g6 Nxf6 45. Rf7+ Ke8 46. Nxf6+ Kd8 47. g7 1-0

[Event "Titled Tuesday intern op 26th Dec Late"]
[Site "Chess.com INT"]
[Date "2023.12.26"]
[Round "5"]
[White "Pein, Jonathan"]
[Black "Koc, Przemyslaw"]
[Result "0-1"]
[WhiteElo "2273"]
[BlackElo "2346"]
[PlyCount "90"]
[EventDate "2023.12.26"]
[EventType "swiss (blitz)"]
[EventRounds "11"]
[EventCountry "USA"]
[SourceTitle "EXT 2025"]
[Source "ChessBase"]
[SourceDate "2024.10.14"]
[SourceVersion "1"]
[SourceVersionDate "2024.10.14"]
[SourceQuality "1"]

1. e4 c5 2. Nc3 a6 3. a4 e6 4. Nge2 d5 5. exd5 exd5 6. d4 Nf6 7. g3 Nc6 8. Bg2 h6 9. 0-0 c4 10. Nf4 Be7 11. Nfxd5 Nxd5 12. Nxd5 0-0 13. Nxe7+ Qxe7 14. c3 Bf5 15. Re1 Qf6 16. Bf4 Bd3 17. d5 Na5 18. Be5 Qg5 19. h4 Qf5 20. Qf3 Qxf3 21. Bxf3 Nb3 22. Ra3 Rfe8 23. Re3 Rad8 24. d6 f6 25. Bf4 Rxe3 26. fxe3 g5 27. hxg5 hxg5 28. Bxg5 fxg5 29. Bxb7 Rxd6 30. Kf2 Rf6+ 31. Kg2 Bf1+ 32. Kg1 a5 33. e4 Bd3 34. e5 Rf1+ 35. Kg2 Kg7 36. Be4 Rb1 37. Bxd3 Rxb2+ 38. Kf3 cxd3 39. Ke3 d2 40. Ke2 Kf7 41. c4 Ke6 42. c5 Kxe5 43. c6 Kd6 44. c7 Kxc7 45. Kd1 Rb1+ 0-1